Las zoonosis: transmisión de las enfermedades de los animales al ser humano / Florence Desachy; traducción Joan Artés Morata (Record no. 216972)
[ view plain ]
| 000 -CABECERA | |
|---|---|
| campo de control de longitud fija | 01282nam a2200301Ia 4500 |
| 001 - NÚMERO DE CONTROL | |
| campo de control | Z_5498 |
| 008 - DATOS DE LONGITUD FIJA--INFORMACIÓN GENERAL | |
| campo de control de longitud fija | 220601s9999 xx 000 0 und d |
| 020 ## - NÚMERO INTERNACIONAL ESTÁNDAR DEL LIBRO | |
| Número Internacional Estándar del Libro | 84-315-3356-0 |
| 082 ## - NÚMERO DE LA CLASIFICACIÓN DECIMAL DEWEY | |
| Número de clasificación | 636.0896 D47 |
| 100 ## - ENTRADA PRINCIPAL--NOMBRE DE PERSONA | |
| Nombre de persona | Desachy, Florence |
| 9 (RLIN) | 182420 |
| 245 ## - MENCIÓN DE TÍTULO | |
| Título | Las zoonosis: transmisión de las enfermedades de los animales al ser humano / Florence Desachy; traducción Joan Artés Morata |
| 260 ## - PUBLICACIÓN, DISTRIBUCIÓN, ETC. | |
| Lugar de publicación, distribución, etc. | España : De Vecchi |
| 300 ## - DESCRIPCIÓN FÍSICA | |
| Extensión | 174 p. |
| 500 ## - NOTA GENERAL | |
| Nota general | En portada: Identificación de las patologías más comunes. Diagnóstico, tratamiento, prevención y cura de las enfermedades con fichas explicativas. \ Fotografía de la cubierta: Labat / Cogis \ Fotografías del interior: Philips Rocher salvo donde se indica otra procedencia \ Clasificación LC: RA10.P252 |
| 503 ## - NOTA DE HISTORIA BIBLIOGRÁFICA (BK CF MU) [OBSOLETO] | |
| Nota de historia bibliográfica | ej.1: C/E |
| 650 ## - PUNTO DE ACCESO ADICIONAL DE MATERIA--TÉRMINO DE MATERIA | |
| Término de materia o nombre geográfico como elemento de entrada | 1. Zoonosis |
| 650 ## - PUNTO DE ACCESO ADICIONAL DE MATERIA--TÉRMINO DE MATERIA | |
| Término de materia o nombre geográfico como elemento de entrada | enfermedades transmisibles |
| 9 (RLIN) | 142881 |
| 650 ## - PUNTO DE ACCESO ADICIONAL DE MATERIA--TÉRMINO DE MATERIA | |
| Término de materia o nombre geográfico como elemento de entrada | enfermedades transmisibles en los animales |
| 9 (RLIN) | 142882 |
| 650 ## - PUNTO DE ACCESO ADICIONAL DE MATERIA--TÉRMINO DE MATERIA | |
| Término de materia o nombre geográfico como elemento de entrada | Zoonoses |
| 9 (RLIN) | 142883 |
| 650 ## - PUNTO DE ACCESO ADICIONAL DE MATERIA--TÉRMINO DE MATERIA | |
| Término de materia o nombre geográfico como elemento de entrada | Communicable diseases |
| 9 (RLIN) | 142879 |
| 650 ## - PUNTO DE ACCESO ADICIONAL DE MATERIA--TÉRMINO DE MATERIA | |
| Término de materia o nombre geográfico como elemento de entrada | Communicable diseases in animals |
| 9 (RLIN) | 142880 |
| 700 ## - PUNTO DE ACCESO ADICIONAL--NOMBRE DE PERSONA | |
| Nombre de persona | Artés Morata, Joan, tr.Ì |
| 9 (RLIN) | 182422 |
| 901 ## - ELEMENTOS DE DATOS A LOCAL LDA (RLIN) | |
| a | 636.0896 D47 |
| 902 ## - ELEMENTOS DE DATOS B LOCAL, LDB (RLIN) | |
| a | M |
| 905 ## - ELEMENTOS DE DATOS E LOCAL, LDE (RLIN) | |
| a | 3032272006 sp dn 8000000300spa00 |
| 942 ## - ELEMENTOS DE PUNTO DE ACCESO ADICIONAL (KOHA) | |
| Tipo de ítem Koha | Libro_ |
| Estado de retiro | Estado de pérdida | Estado dañado | No para préstamo | Localización permanente | Ubicación/localización actual | Ubicación en estantería | Fecha de adquisición | Total de préstamos | Código de barras | Fecha visto por última vez | Fecha del último préstamo | Número de copia | Precio válido a partir de | Tipo de ítem Koha | Nota pública |
|---|---|---|---|---|---|---|---|---|---|---|---|---|---|---|---|
| Zootecnia | Zootecnia | 03/05/2007 | 1 | z_5358 | 19/02/2024 | 19/02/2024 | 1 | 02/06/2022 | Libro | 2 |
